Historia de arbolado público de la Ciudad de México durante el siglo XIX/ (Record no. 107237)

MARC details
000 -LEADER
campo de control de longitud fija 02334nam a2200553 i 4500
001 - NÚMERO DE CONTROL
campo de control MOR01000107564
003 - IDENTIFICADOR DE NÚMERO DE CONTROL
campo de control $$amxcmmo
005 - FECHA Y HORA DE LA ÚLTIMA TRANSACCIÓN
campo de control 20260410102529.0
008 - DATOS DE LONGITUD FIJA--INFORMACIÓN GENERAL
campo de control de longitud fija 190305s2018 cmmae g bi 000 0 spa d
035 ## - NÚMERO DE CONTROL DEL SISTEMA
Número de control de sistema 190598
040 ## - FUENTE DE CATALOGACIÓN
Centro catalogador/agencia de origen mxcmmo
Lengua de catalogación spa
Centro/agencia transcriptor mxcmmo
Normas de descripción rda
041 0# - CÓDIGO DE IDIOMA
Código de lengua del texto/banda sonora o título independiente spa
043 ## - CÓDIGO DE ÁREA GEOGRÁFICA
Código de área geográfica n-mx-df
045 ## - PERIODO DE TIEMPO DEL CONTENIDO
Código de periodo de tiempo w0w9
082 04 - NÚMERO DE LA CLASIFICACIÓN DECIMAL DEWEY
Número de clasificación 715.2
Número de ítem MAD.h
100 1# - ENTRADA PRINCIPAL--NOMBRE DE PERSONA
Nombre de persona Madrid Quezada, José Fernando
Término indicativo de función/relación autor
9 (RLIN) 192433
245 10 - MENCIÓN DEL TÍTULO
Título Historia de arbolado público de la Ciudad de México durante el siglo XIX/
Mención de responsabilidad, etc. José Fernando Madrid Quezada ; directora Eulalia Ribera Carbó
264 #1 - PRODUCCIÓN, PUBLICACIÓN, DISTRIBUCIÓN, FABRICACIÓN Y COPYRIGHT
Fecha de producción, publicación, distribución, fabricación o copyright 2018
300 ## - DESCRIPCIÓN FÍSICA
Extensión xii, 483 páginas:
Otras características físicas ilustraciones, planos;
Dimensiones 24 cm
336 ## - TIPO DE CONTENIDO
Término de tipo de contenido texto
Código de tipo de contenido txt
Fuente rdacontent
337 ## - TIPO DE MEDIO
Nombre/término del tipo de medio sin medio
Código del tipo de medio n
Fuente rdamedia
338 ## - TIPO DE SOPORTE
Nombre/término del tipo de soporte volumen
Código del tipo de soporte nc
Fuente rdacarrier
500 ## - NOTA GENERAL
Nota general Disponible en BIBLIOTECA DIGITAL
502 ## - NOTA DE TESIS
Nota de tesis Tesis
Tipo de título Doctorado.
Nombre de la institución que otorga el título Instituto de Investigaciones Dr. José María Luis Mora, Historia Moderna y Contemporánea
Año de obtención del título 2018
504 ## - NOTA DE BIBLIOGRAFÍA, ETC.
Nota de bibliografía, etc. Nota Incluye referencias bibliográficas (páginas 463-483)
541 0# - NOTA DE FUENTE DE ADQUISICIÓN DIRECTA
Fuente de adquisición Instituto Mora
Forma de adquisición Depósito
650 #7 - PUNTO DE ACCESO ADICIONAL DE MATERIA--TÉRMINO DE MATERIA
Término de materia o nombre geográfico como elemento de entrada Árboles en las ciudades
Subdivisión geográfica Ciudad de México
Subdivisión general Historia
9 (RLIN) 192434
650 #7 - PUNTO DE ACCESO ADICIONAL DE MATERIA--TÉRMINO DE MATERIA
Término de materia o nombre geográfico como elemento de entrada Políticas públicas
Subdivisión geográfica Ciudad de México
Subdivisión general Historia
9 (RLIN) 192435
650 #7 - PUNTO DE ACCESO ADICIONAL DE MATERIA--TÉRMINO DE MATERIA
Término de materia o nombre geográfico como elemento de entrada Urbanización
Subdivisión geográfica Ciudad de México
Subdivisión general Historia
9 (RLIN) 192436
651 #7 - PUNTO DE ACCESO ADICIONAL DE MATERIA--NOMBRE GEOGRÁFICO
Nombre geográfico México
Subdivisión general Política y gobierno
Subdivisión cronológica Siglo XIX
9 (RLIN) 222
651 #7 - PUNTO DE ACCESO ADICIONAL DE MATERIA--NOMBRE GEOGRÁFICO
Nombre geográfico México
Subdivisión general Vida social y costumbres
Subdivisión cronológica Siglo XIX
9 (RLIN) 1943
700 1# - ENTRADA AGREGADA--NOMBRE PERSONAL
Nombre de persona Ribera Carbó, Eulalia
Término indicativo de función/relación asesora
9 (RLIN) 205640
710 2# - ENTRADA AGREGADA--NOMBRE DE ENTIDAD CORPORATIVA
Nombre de entidad corporativa o nombre de jurisdicción como elemento de entrada Instituto de Investigaciones Dr. José María Luis Mora (México, D.F.)
Unidad subordinada Doctorado en Historia Moderna y Contemporánea
9 (RLIN) 149607
856 ## - LOCALIZACIÓN Y ACCESO ELECTRÓNICOS
Identificador Uniforme de Recurso <a href="https://mora.koha.es/odigital/compressed_JosMadrid_ArboladoPblico_000157103.pdf">https://mora.koha.es/odigital/compressed_JosMadrid_ArboladoPblico_000157103.pdf</a>
Nota pública Acceso PDF
900 ## - ELEMENTOS DE DATOS A LOCAL, LDA (RLIN)
Nombre de persona BERENICE
Numeración Catalogacion
Títulos y otros términos asociados al nombre 20240812
Lenguaje de la obra MOR01
-- 1223
900 ## - ELEMENTOS DE DATOS A LOCAL, LDA (RLIN)
Nombre de persona CATY
Numeración 30
Títulos y otros términos asociados al nombre 20190325
Lenguaje de la obra MOR01
-- 1155
900 ## - ELEMENTOS DE DATOS A LOCAL, LDA (RLIN)
Nombre de persona CATY
Numeración 30
Títulos y otros términos asociados al nombre 20190325
Lenguaje de la obra MOR01
-- 1204
900 ## - ELEMENTOS DE DATOS A LOCAL, LDA (RLIN)
Nombre de persona LUIS
Numeración 20
Títulos y otros términos asociados al nombre 20190304
Lenguaje de la obra MOR01
-- 1251
900 ## - ELEMENTOS DE DATOS A LOCAL, LDA (RLIN)
Nombre de persona LUIS
Numeración 20
Títulos y otros términos asociados al nombre 20190304
Lenguaje de la obra MOR01
-- 1251
900 ## - ELEMENTOS DE DATOS A LOCAL, LDA (RLIN)
Nombre de persona MARC21
Numeración 40
Títulos y otros términos asociados al nombre 20190326
Lenguaje de la obra MOR01
-- 1138
900 ## - ELEMENTOS DE DATOS A LOCAL, LDA (RLIN)
Nombre de persona VOBO
Numeración 40
Títulos y otros términos asociados al nombre 20190326
Lenguaje de la obra MOR01
-- 1320
900 ## - ELEMENTOS DE DATOS A LOCAL, LDA (RLIN)
Nombre de persona VOBO
Numeración 40
Títulos y otros términos asociados al nombre 20190327
Lenguaje de la obra MOR01
-- 1112
900 ## - ELEMENTOS DE DATOS A LOCAL, LDA (RLIN)
Nombre de persona VOBO
Numeración 40
Títulos y otros términos asociados al nombre 20190429
Lenguaje de la obra MOR01
-- 1307
900 ## - ELEMENTOS DE DATOS A LOCAL, LDA (RLIN)
Nombre de persona VOBO
Numeración 40
Títulos y otros términos asociados al nombre 20190429
Lenguaje de la obra MOR01
-- 1406
900 ## - ELEMENTOS DE DATOS A LOCAL, LDA (RLIN)
Nombre de persona VOBO
Numeración 40
Títulos y otros términos asociados al nombre 20190516
Lenguaje de la obra MOR01
-- 1307
904 ## - ELEMENTOS DE DATOS D LOCAL, LDD (RLIN)
a UPDATE
942 ## - ELEMENTOS DE ENTRADA SECUNDARIOS (KOHA)
Código de la institución [OBSOLETO] BK
901 ## - ELEMENTOS DE DATOS A LOCAL LDA (RLIN)
a Cecilia Luna
Holdings
Estatus retirado Estado de pérdida Fuente del sistema de clasificación o colocación Estado de daño No para préstamo Colección Biblioteca de origen Biblioteca actual Ubicación en estantería Fecha de adquisición Fuente de adquisición Número de inventario Total de préstamos Signatura topográfica completa Código de barras Visto por última vez Precio de reemplazo Tipo de ítem Koha Nota pública
    Clasificación Decimal Dewey       Biblioteca Digital Biblioteca Digital   20/02/2025       CDIG D03003 20/02/2025 20/02/2025 Digitalizado BIBLIOTECA DIGITAL
    Clasificación Decimal Dewey     Tesis MORA Biblioteca Instituto Mora Biblioteca Instituto Mora Regular 25/03/2019   135181   (TM)/715.2 MAD.h 33068011385545 03/09/2024 03/09/2024 Libro préstamo regular BIBLIOTECA DIGITAL